[Event "18th Cvijet Mediterana 2018"]
[Site "Rijeka"]
[Date "2018.02.28"]
[Round "5"]
[White "Cvitan, Ena"]
[Black "Doluhanova, Evgeniya"]
[Result "0-1"]
[WhiteElo "2222"]
[BlackElo "2319"]
[Annotator "TA"]
[PlyCount "82"]
[EventDate "2018.??.??"]
[EventCountry "CRO"]
[SourceTitle "playchess.com"]
[Source "ChessBase"]
[SourceQuality "1"]

{[%evp 18,82,23,16,25,10,50,46,41,33,37,13,62,53,47,47,73,71,117,82,93,98,90,89,89,89,89,91,89,101,86,101,122,124,127,133,126,116,128,28,50,0,0,-129,76,79,78,74,79,39,35,-58,-64,-112,-87,-891,-308,-701,-517,-881,-879,-29988,-685,-674,-663,-29988,-4762]} 1. d4 Nf6 2. Nf3 e6 3. Bf4 b6 4. e3 Bb7 5. Nbd2 Be7 6. h3 c5 7. Bd3 Nc6 8. c3 d6 9. Qe2 O-O 10. O-O {LiveBook: 68 Games} Qd7 {A47: 1 d4 Nf6 2 Nf3 b6: Torre, London and Colle Systems} 11. dxc5 $146 ({Predecessor:} 11. Rad1 Rad8 12. Bh2 cxd4 13. exd4 Rfe8 14. Rfe1 Bf8 15. Ne4 Nxe4 16. Qxe4 g6 17. Qh4 Qe7 18. Qf4 {½-½ (46) Kosic,D (2485)-Chernyshov,K (2564) Budapest 2011}) 11... dxc5 12. Rad1 Rad8 {White is slightly better.} 13. Nc4 Qc8 $1 14. a4 Na5 15. Nxa5 bxa5 16. e4 Qa8 {[%cal Rf6e4] [#]} 17. Nd2 $1 Bc6 18. Rfe1 Rd7 19. Nc4 Bxa4 20. Ra1 Bb5 21. Rxa5 Qb7 22. Ne5 Bxd3 23. Nxd3 Qb6 24. Rea1 Ra8 25. Ne5 Rb7 26. Nc4 Qc6 27. f3 Bd8 28. Ne5 (28. Ra6 $16 Qb5 29. Kf2) 28... Qc8 29. Ra6 Bc7 30. Bh2 (30. g4 $11) 30... Bxe5 $2 (30... Qb8 $17 31. f4 Rxb2) 31. Bxe5 $16 Nd7 32. Bg3 h6 33. Bf2 Qc7 34. Qc4 (34. Kh1 $14) 34... Rxb2 $15 35. R6a5 Rab8 {Strongly threatening ...Rb1+.} 36. g3 $2 {[%mdl 8192] [#]} (36. Qf1 $17) 36... Ne5 $2 (36... Rxf2 $1 {[%mdl 512]} 37. Kxf2 Rb2+ 38. Qe2 Rxe2+ 39. Kxe2 Qxg3) 37. Rxc5 $2 (37. Qxc5 Qxc5 38. Bxc5 Nxf3+ 39. Kf1) 37... Qd6 ({Not} 37... Nxc4 38. Rxc7 Ne5 39. f4 $11) 38. Rc8+ (38. Rxe5 $142 Qxe5 39. f4) 38... Kh7 $19 39. Qc5 Qxc5 (39... Rb1+ $142 40. Kh2 Qd1 41. Rh8+ Kxh8 42. Rxb1 Rxb1 43. Qf8+ Kh7 44. Qxg7+ Kxg7 45. g4 Qxf3 46. Bg1 Rb2+ 47. Bf2 Qxf2+ 48. Kh1 Qh2#) 40. Rxc5 Nd3 41. Rxa7 Rxf2 {Precision: White = 30%, Black = 51%.} (41... Rb1+ $142 42. Kh2 R8b2 43. h4 Nxc5 44. Kg2 Nd3 45. Ra5 Nxf2 46. Rb5 Rxb5 47. Kxf2 Rc1 48. c4 Rb3 49. g4 Rxc4 50. Kg3 g5 51. hxg5 hxg5 52. Kh3 Rc2 53. Kg3 e5 54. Kh3 Rxf3#) 0-1

[Event "18th Cvijet Mediterana 2018"]
[Site "Rijeka"]
[Date "2018.02.28"]
[Round "5"]
[White "Berke, Ana"]
[Black "Tomilova, Elena"]
[Result "0-1"]
[WhiteElo "2151"]
[BlackElo "2331"]
[Annotator "TA"]
[PlyCount "56"]
[EventDate "2018.??.??"]
[EventCountry "CRO"]
[SourceTitle "playchess.com"]
[Source "ChessBase"]
[SourceQuality "1"]

{[%evp 14,56,16,8,5,1,21,27,35,31,35,19,19,26,19,29,24,7,32,34,27,8,3,0,0,-52,-48,-257,-250,-251,-255,-262,-214,-508,-519,-2645,-2074,-29981,-29980,-29984,-29984,-29993,-29994,-29998,-29999]} 1. c4 e6 2. e4 c5 3. Nf3 Nc6 4. d4 cxd4 5. Nxd4 Nf6 6. Nxc6 bxc6 7. Bd3 e5 8. Be3 {LiveBook: 4 Games. B44: Sicilian: Taimanov: 5 Nb5} (8. O-O Bc5 9. Nd2 d6 10. Nb3 Nd7 11. Nxc5 Nxc5 12. Be3 O-O 13. f4 Qe7 14. f5 f6 15. Bc2 a5 16. Qd2 Rd8 {1-0 (73) Mok,T (2354)-Van Wely,L (2691) Istanbul 2012}) 8... Bb4+ 9. Nd2 O-O 10. a3 {The position is equal.} Bxd2+ 11. Qxd2 ({Of course not} 11. Kxd2 d5 $15) 11... d5 12. cxd5 cxd5 13. exd5 Qxd5 14. O-O $146 ({Predecessor:} 14. f3 a5 15. O-O a4 16. Rfd1 {½-½ (16) Hort,V-Marsalek,J Ostrava 1960}) 14... Bb7 {[%csl Gb7][%cal Rd5g2]} 15. f3 Rfd8 16. Rfd1 Qe6 17. Qf2 a5 18. Rac1 h6 19. b4 ({White has to play} 19. Bb6 $1 $11 Rd5 20. Bb1) 19... Qb3 $36 {[%mdl 2048] Black is more active.} 20. Qf1 $2 {[#]} ({White should play} 20. Bc2 $15 Rxd1+ 21. Rxd1 Qxa3 22. bxa5) 20... e4 $1 $19 {[%cal Rd8d3]} ({Not} 20... Qxa3 21. Bb6 $11) 21. Rb1 Qxa3 22. Bc1 Qa4 23. bxa5 $2 {[#]} (23. fxe4 {was the only defense.} axb4 24. Re1) 23... Ba6 $1 {[%mdl 512]} 24. Be2 (24. fxe4 $142 Ng4 25. Rb2 Qd4+ 26. Kh1 Bxd3 27. Qf4) (24. Bxa6 Rxd1) 24... Bxe2 25. Rxd8+ Rxd8 {Black mates.} 26. Qxe2 Rd1+ 27. Kf2 {[#]} e3+ $1 {[%mdl 512]} 28. Qxe3 (28. Bxe3 Qh4+) 28... Qh4+ {Precision: White = 31%, Black = 86%.} 0-1

[Event "18th Cvijet Mediterana 2018"]
[Site "Rijeka"]
[Date "2018.02.28"]
[Round "5"]
[White "Medic, Mirjana"]
[Black "Tsatsalashvili, Keti"]
[Result "0-1"]
[WhiteElo "2131"]
[BlackElo "2307"]
[Annotator "TA"]
[PlyCount "112"]
[EventDate "2018.??.??"]
[EventCountry "CRO"]
[SourceTitle "playchess.com"]
[Source "ChessBase"]
[SourceQuality "1"]

{[%evp 17,111,0,0,0,-4,-8,0,-3,0,-18,10,-14,-14,-29,-22,-28,7,8,9,8,160,-10,-12,0,10,4,23,0,68,10,10,13,12,26,20,27,61,9,4,6,2,14,4,4,14,0,0,0,0,0,0,0,28,10,87,80,80,80,80,0,0,0,0,0,0,0,0,0,0,-28,-28,-28,-28,-66,-64,-108,-98,-29945,-29947,-29947,-29948,-5791,-6809,-5122,-5057,-29974,-1562,-1566,-1039,-29974,-29974,-29996,-29997,-29997,-29998,-29999]} 1. d4 Nf6 2. Nf3 e6 3. e3 b6 4. Bd3 Bb7 5. O-O d5 6. b3 Bd6 7. Bb2 Nbd7 8. Nbd2 O-O 9. c4 Ne4 10. Qe2 {E14: Queen's Indian: Classical Variation (4 e3)} Qe7 11. Rac1 Rad8 (11... c5 12. dxc5 Ndxc5 13. Bb1 Nxd2 14. Nxd2 Rad8 15. Rfd1 Bb8 {1-0 (33) Mamedyarov,S (2799)-Bocharov,D (2583) Riadh 2017}) 12. Rfd1 {The position is equal.} f5 13. Ne5 c5 $146 ({Predecessor:} 13... f4 14. cxd5 exd5 15. Nxe4 dxe4 16. Bc4+ Kh8 17. Qh5 Bxe5 18. dxe5 fxe3 19. fxe3 {½-½ (41) Iannacone,E-Swoboda,E (2250) Graz 1981}) 14. f4 (14. cxd5 {keeps more tension.} exd5 15. Nxd7 Rxd7 16. f4 cxd4 17. Bxd4 Nc5 18. Nf3) 14... cxd4 15. exd4 Nxe5 16. fxe5 Ba3 (16... Bb4 {looks sharper.} 17. Nf3 Rc8 18. Rc2 Ba3 19. Bxa3 Qxa3 20. Rdc1 dxc4 21. Bxc4 Qe7) 17. Bxa3 Qxa3 18. cxd5 Nxd2 $2 (18... Bxd5 $11 19. Nc4 Bxc4 20. Bxc4 Qe7) 19. Qxd2 $2 (19. dxe6 $16 {Black must now prevent Rc7.} Qe7 20. Rxd2 (20. Qxd2 Rxd4 21. Qf2 Rdd8 $16)) 19... Bxd5 $11 20. Rc7 h6 21. Rdc1 a5 22. Bc4 Rfe8 ({Black should play} 22... Rf7 $11 23. Bxd5 Rxd5) 23. h3 (23. Bxd5 $14 Rxd5 24. R1c6) 23... Re7 24. Bxd5 Rxd5 25. Rc8+ Kh7 {Black wants to play ...Red7.} 26. R1c6 b5 27. Ra6 ({Better is} 27. Rb8 $14) 27... Qb4 28. Qxb4 axb4 {[%mdl 4096] Endgame KRR-KRR} 29. Rd6 Rd7 30. Rxe6 Rxd4 31. Rc2 Rd1+ 32. Kh2 f4 33. Rf2 g5 34. Rc2 h5 35. Rcc6 g4 (35... Ra1 $11) 36. hxg4 $16 hxg4 37. Rh6+ Kg8 38. Rcg6+ (38. e6 $1 $16 g3+ 39. Kh3 Rh1+ 40. Kg4 Rg7+ 41. Kf3 Rxh6 42. e7 Rxe7 43. Rxh6) 38... Rg7 $11 39. Rxg7+ Kxg7 {KR-KR} 40. Rf6 Rf1 41. Rd6 Rf2 {...f3 is the strong threat.} 42. Rd4 Kg6 {aiming for ...f3.} 43. Rxb4 Kf5 {( -> ...f3)} 44. Kg1 $1 {[%cal Rg1f2]} Rxa2 45. g3 f3 $1 46. Rf4+ Kg5 {Strongly threatening ...Rg2+.} ({Much weaker is} 46... Kxe5 $6 47. Rxg4 Kd5 48. Rg5+ Kc6 49. g4 $11) 47. Re4 $2 {[%mdl 8192]} (47. e6 $17) 47... Rg2+ $1 48. Kf1 Rxg3 49. e6 Rh3 50. e7 {[#]} g3 $1 {[%cal Rh3h1]} ({Don't go for} 50... Rh1+ $2 51. Kf2 $18) 51. Ke1 Rh1+ (51... g2 $142 52. Kf2 Rh1 53. Kxf3 g1=Q 54. Re5+ Kh4 55. Rh5+ Kxh5 56. e8=Q+ Qg6 57. Qe5+ Kh6 58. Qf4+ Kg7 59. Qe5+ Qf6+ 60. Qxf6+ Kxf6 61. Ke4 Rh4+ 62. Kd5 Rb4 63. Kc5 Rxb3 64. Kd4 Ke7 65. Kc5 Kd7 66. Kd4 Kd6 67. Ke4 b4 68. Kf5 Rc3 69. Ke4 b3 70. Kd4 Rh3 71. Ke4 b2 72. Kf4 b1=Q 73. Kg4 Qh7 74. Kg5 Ke6 75. Kg4 Qh4#) 52. Kd2 $19 Rh2+ 53. Ke3 {[#]} g2 $1 {Black mates.} ({Weaker is} 53... f2 54. e8=Q f1=N+ 55. Kd4 Rd2+ 56. Kc3 Ne3 57. Qe7+ Kf5 58. Rxe3) 54. e8=Q g1=Q+ 55. Kd3 Qd1+ 56. Kc3 Qd2# {Precision: White = 35%, Black = 61%.} 0-1

[Event "18th Cvijet Mediterana 2018"]
[Site "Rijeka"]
[Date "2018.02.28"]
[Round "5"]
[White "Vujnovic, Patricija"]
[Black "Velickovski-Nejkovic, Maja"]
[Result "1/2-1/2"]
[WhiteElo "2083"]
[BlackElo "2186"]
[Annotator "NA RC"]
[PlyCount "122"]
[EventDate "2018.??.??"]
[EventCountry "CRO"]
[SourceTitle "playchess.com"]
[Source "ChessBase"]
[SourceQuality "1"]
[TimeControl "5400+30"]

1. e4 d6 2. Nc3 e5 3. f4 exf4 {C30: King's Gambit Declined} 4. Nf3 Ne7 5. d4 Ng6 6. Bc4 (6. Bd3 Be7 7. O-O Nd7 8. Nd5 Ndf8 9. Qe1 Ne6 10. Nxe7 Qxe7 11. h4 {0-1 (58) Rapport,R (2752)-Jobava,B (2665) Baku 2016}) 6... Be7 7. O-O O-O {LiveBook: 5 Games} 8. Ne2 Be6 9. Bd3 f5 10. d5 fxe4 11. Bxe4 Bf5 12. Bxf5 $146 Rxf5 13. Nfd4 Rxd5 14. c4 Re5 15. Nxf4 c6 16. Nxg6 hxg6 17. Qg4 d5 18. Nf3 (18. Bf4 $1 $14 Re4 19. Ne6) 18... Bc5+ 19. Kh1 Rf5 20. Qxg6 Qf6 21. Qe8+ Qf8 22. Qe6+ Qf7 23. Qc8+ Bf8 24. cxd5 Qxd5 25. Qxb7 Qb5 26. Qxb5 cxb5 27. Be3 Nc6 28. Rac1 Re8 29. Bf2 Re6 30. Kg1 Rd5 31. a3 a6 32. Rfe1 Rxe1+ 33. Bxe1 Bc5+ 34. Bf2 Bxf2+ 35. Kxf2 Na5 36. Rc2 Nc4 37. a4 Nd6 38. axb5 axb5 39. Ke3 g6 40. b3 Kf7 41. g4 Ke6 42. Rd2 $18 Rxd2 43. Nxd2 Kd5 44. h4 Nf7 45. Nf3 Nd8 46. Nd4 b4 47. Nc2 Kc5 48. Kf4 Nf7 49. h5 gxh5 50. gxh5 Kd5 51. Nxb4+ Ke6 52. Nc6 Kd6 53. Nd4 Kd5 54. Ke3 Ne5 55. b4 Ng4+ 56. Kf4 Nf6 57. Kg5 Nxh5 58. b5 Ng3 59. b6 Ne4+ 60. Kf5 Kxd4 61. Ke6 Nc5+ 1/2-1/2

[Event "18th Cvijet Mediterana 2018"]
[Site "Rijeka"]
[Date "2018.03.01"]
[Round "6"]
[White "Tomilova, Elena"]
[Black "Medic, Mirjana"]
[Result "1-0"]
[WhiteElo "2331"]
[BlackElo "2131"]
[Annotator "TA"]
[PlyCount "93"]
[EventDate "2018.??.??"]
[EventCountry "CRO"]
[SourceTitle "playchess.com"]
[Source "ChessBase"]
[SourceQuality "1"]

{[%evp 24,93,9,0,33,27,47,50,55,33,37,0,0,0,0,0,0,0,0,0,130,133,128,132,128,131,125,128,127,126,129,106,108,100,108,101,131,131,123,107,108,105,131,118,131,131,131,131,212,131,131,131,131,131,126,87,106,116,90,78,221,143,143,143,647,643,624,624,544,544,5210,5197]} 1. c4 e6 2. Nf3 d5 3. g3 Nf6 4. Bg2 Be7 5. O-O O-O 6. b3 b6 7. Bb2 Bb7 8. e3 Nbd7 9. Qe2 c5 10. Nc3 Rc8 11. d3 Qc7 12. Rac1 {A14: Reti-Eröffnung} Qb8 13. cxd5 {LiveBook: 3 Partien} (13. e4 dxc4 14. dxc4 Qa8 15. Rfe1 Rfd8 16. Rcd1 Ne8 17. Qe3 Bf6 18. Qf4 a6 {½-½ (86) Tomashevsky,E (2716)-Atabayev,Y (2473) Doha 2016}) 13... exd5 14. d4 {Weiß steht etwas besser.} Rfd8 15. Rfd1 Ne4 16. Nxe4 $146 ({Vorgänger:} 16. Bh3 Nxc3 17. Bxc3 c4 18. bxc4 {1-0 (32) Vassallo Barroche,M (2430)-Domingo Nunez,R (2281) Barcelona 2015}) 16... dxe4 17. Ne5 Nxe5 18. dxe5 Rxd1+ 19. Rxd1 {Dg4 ist eine echte Drohung.} Rd8 20. e6 Rxd1+ 21. Qxd1 {Droht stark Dd7.} Qd6 {[#]} (21... f6 $1 $11) 22. Qg4 $1 $16 {[%csl Gb2][%cal Rg4g7]} g6 23. exf7+ ({Falsch wäre} 23. Bxe4 $2 f5 $19) 23... Kxf7 24. Bxe4 Bxe4 25. Qxe4 b5 26. Kg2 a6 27. h4 h5 28. Qf3+ Ke8 29. Qb7 Kf7 30. e4 Qe6 31. Bc3 Qd6 32. Ba5 Kf8 33. Bc7 {zielt auf Db8+ ab.} Qd7 {beabsichtigt ...Ld8.} 34. Qa8+ Kf7 35. Be5 ({Viel schwächer wäre} 35. Qxa6 $6 Qxc7 36. Qxb5 Bd8 $11) 35... Qd3 (35... Qg4 $16 36. Bc3 Qe6) 36. Qd5+ Qxd5 37. exd5 {[%mdl 4096] Endspiel KL-KL} c4 {[#]} 38. bxc4 $1 bxc4 39. Kf1 Bc5 40. Ke2 Ke7 41. f3 Bb6 (41... Ba3 $16 {ist wohl besser.}) 42. Kd2 Ba5+ 43. Ke3 Be1 $2 {[%mdl 8192]} (43... Bb6+ $16 44. Kf4 Kd7) 44. Kd4 $18 {Weiß steht klar auf Gewinn.} c3 {Und ...c2 würde nun gewinnen.} 45. Kd3 Kd7 46. Bf4 Ke7 47. Ke2 {Precision: Weiß = 61%, Schwarz = 47%.} 1-0

[Event "18th Cvijet Mediterana 2018"]
[Site "Rijeka"]
[Date "2018.03.01"]
[Round "6"]
[White "Doluhanova, Evgeniya"]
[Black "Tsatsalashvili, Keti"]
[Result "1-0"]
[WhiteElo "2319"]
[BlackElo "2307"]
[Annotator "TA"]
[PlyCount "79"]
[EventDate "2018.??.??"]
[EventCountry "CRO"]
[SourceTitle "playchess.com"]
[Source "ChessBase"]
[SourceQuality "1"]

{[%evp 20,79,41,28,52,42,112,110,102,108,117,117,123,125,114,122,125,107,117,97,136,115,158,161,234,109,185,125,161,167,183,166,246,237,272,287,309,297,363,352,347,331,335,306,339,341,442,439,487,470,500,491,987,995,982,973,5197,5118,4837,4829,29980,29958]} 1. e4 c5 2. Nf3 d6 3. d4 cxd4 4. Nxd4 Nf6 5. Nc3 Nc6 6. Bg5 e6 7. Qd2 a6 8. O-O-O Bd7 9. f4 Be7 10. Nf3 b5 11. e5 {LiveBook: 84 Games} dxe5 {B68: Sicilian: Richter-Rauzer: 7...a6 8 0-0-0 Bd7 9 f4 Be7} (11... b4 12. exf6 bxc3 13. Qxc3 gxf6 14. Bh4 d5 15. Nd4 Qa5 16. Qxa5 Nxa5 17. Bd3 f5 18. Bxe7 Kxe7 19. Rhe1 Kf6 20. b3 Nb7 21. c4 Rhc8 22. Kb2 dxc4 23. Bxc4 {0-1 (66) Zeng,C (2536)-Grischuk,A (2783) China 2017}) 12. fxe5 b4 (12... Nd5 $14) 13. exf6 $16 bxc3 {White is better.} 14. Qxd7+ Qxd7 15. Rxd7 cxb2+ 16. Kb1 {[%cal Rd7e7]} Kxd7 17. fxe7 f6 18. Be3 Kxe7 19. Bc4 (19. Kxb2 Rhc8 $14) 19... Na5 $146 20. Bd3 {[%mdl 1024] White has strong compensation.} Rhc8 {[#]} 21. Nd2 $1 ({And not} 21. Kxb2 Nc4+ 22. Bxc4 Rxc4 $11) 21... Kf7 (21... Rab8 $142 22. Bxa6 Rc7) 22. Kxb2 (22. Bb6 $18 {has better winning chances.} Nc6 23. Nc4) 22... f5 (22... Nc6 $16 {was worth a try.}) 23. Rb1 (23. Kc1 $18) 23... Rcb8+ {[#]} 24. Nb3 $1 Nc6 25. Re1 a5 (25... Ne5 {keeps fighting.}) 26. a4 $18 Rc8 27. Bc5 Kf6 28. Bb5 e5 29. Rd1 Nd4 30. Bxd4 ({Weaker is} 30. Nxd4 Rxc5 31. Nc6 f4 $14) 30... exd4 31. Rxd4 ({Not} 31. Nxd4 Rd8 $18) 31... g5 32. c4 {[%cal Bc2c4,Bc4c5,Bc5c6][%mdl 32]} f4 33. c5 Ke5 34. c6 g4 35. Kc3 Rd8 (35... f3 $142 36. Rxg4 f2) 36. Rxd8 Rxd8 37. Nxa5 h5 38. Nc4+ Ke6 39. Ba6 g3 40. hxg3 {Precision: White = 71%, Black = 18%.} 1-0

[Event "18th Cvijet Mediterana 2018"]
[Site "Rijeka"]
[Date "2018.03.01"]
[Round "6"]
[White "Velickovski-Nejkovic, Maja"]
[Black "Prudnykova, Olga"]
[Result "0-1"]
[WhiteElo "2186"]
[BlackElo "2282"]
[Annotator "TA"]
[PlyCount "74"]
[EventDate "2018.??.??"]
[EventCountry "CRO"]
[SourceTitle "playchess.com"]
[Source "ChessBase"]
[SourceQuality "1"]

{[%evp 15,74,31,12,0,0,-62,-58,-173,-166,-207,-106,-101,-100,-87,2,-129,-102,-107,-93,-138,-133,-133,-129,-129,-127,-227,-206,-202,-191,-189,-174,-179,-176,-247,-225,-373,-351,-657,-643,-637,-648,-741,-699,-1055,-951,-1591,-1604,-1553,-1495,-1310,-1243,-5504,-5504,-5504,-5504,-5504,-5504,-5496,-2442,-2427,-2427]} 1. c4 Nf6 2. Nc3 d5 3. cxd5 Nxd5 4. Nf3 g6 5. Qb3 Nb6 6. d4 Bg7 7. Bf4 {D90: Grünfeld: 4 Nf3 Bg7 sidelines} Be6 8. Qa3 c5 {LiveBook: 28 Games} 9. dxc5 $146 {The position is equal.} ({Find the theoretical novelty and annotate with similar games:} 9. Qxc5 Nc6 10. e4 Nxd4 11. Nxd4 Bxd4 12. Bb5+ Kf8 13. Qa3 a6 14. Be2 Nd7 {1-0 (57) Banusz,T (2616)-Sutovsky,E (2689) Austria 2017}) 9... Nc4 10. Qb4 (10. Qb3 $11 O-O 11. Ng5 (11. Qxb7 Qa5 $15)) 10... O-O $1 $15 11. Rd1 (11. e3 $15 Nc6 12. Qxb7) 11... Nc6 $1 $19 {[%cal Rc6b4]} 12. Qb5 ({Don't play} 12. Qxb7 Qc8 $15) 12... Qa5 (12... a6 $1 $19 {[%cal Ra6b5]} 13. Qxb7 Qa5) 13. Qxa5 $17 N6xa5 $40 {[%mdl 128] Black attacks with force.} 14. Bc1 {[#]} Rfc8 ({Better is} 14... Na3 $1 $17 {[%mdl 512] White must now prevent ...Nc2+.} 15. bxa3 Bxc3+ 16. Bd2 Bxd2+ 17. Rxd2 Nc4) 15. Na4 (15. Ng5 $11 {remains equal.}) 15... b5 16. cxb6 axb6 {[%cal Ba7b6,Bb6b5,Bb5b4][%mdl 32] And now ...b5 would win.} 17. Ng5 b5 18. Nxe6 fxe6 19. Nc3 b4 20. Nb5 (20. Ne4 $17 {was necessary.}) 20... Nxb2 21. Bxb2 Bxb2 22. e3 Nc4 23. Bxc4 Rxc4 24. O-O (24. Ke2 $142) 24... Rxa2 $19 25. Rb1 (25. Rd3 $142) 25... e5 26. f4 $2 (26. Rfd1) 26... Rc2 {Black is clearly winning.} 27. Kh1 Rc5 28. h3 b3 29. Rf2 Bc1 30. Rxa2 bxa2 31. Ra1 Rxb5 32. Rxa2 Bxe3 33. fxe5 {KRB-KR} Rb1+ 34. Kh2 Bf4+ 35. g3 Bxe5 36. Ra3 Rb2+ 37. Kg1 Rc2 {Precision: White = 23%, Black = 75%.} 0-1

[Event "18th Cvijet Mediterana 2018"]
[Site "Rijeka"]
[Date "2018.03.01"]
[Round "6"]
[White "Kejzar, Petra"]
[Black "Berke, Ana"]
[Result "1/2-1/2"]
[WhiteElo "2039"]
[BlackElo "2151"]
[Annotator "TA"]
[PlyCount "29"]
[EventDate "2018.??.??"]
[EventCountry "CRO"]
[SourceTitle "playchess.com"]
[Source "ChessBase"]
[SourceQuality "1"]

{[%evp 14,29,0,0,10,8,12,15,12,0,0,0,0,-6,-21,-16,-10,-20]} 1. c4 e5 2. Nc3 Nf6 3. Nf3 Nc6 4. d3 Bb4 5. Bd2 O-O 6. g3 d6 7. Bg2 Re8 8. O-O {LiveBook: 10 Games. The position is equal.} a6 {A28: English Opening: Four Knights Variation} (8... a5 9. a3 Bxc3 10. Bxc3 a4 11. Qc2 Nd7 12. Rad1 Nc5 13. d4 exd4 14. Nxd4 Bd7 15. e4 Nxd4 16. Bxd4 {½-½ (36) Van Wely,L (2676)-Volokitin,A (2652) Germany 2017}) 9. a3 Bc5 10. b4 Ba7 11. Bg5 $146 ({Find the theoretical novelty and annotate with similar games:} 11. Rc1 Rb8 12. h3 Nd4 13. Ne1 Nf5 14. e3 c6 {1-0 (52) Wheeler,R (2048)-Cameron,F (1790) Kingston 2017}) 11... h6 $1 {[%cal Rh6g5]} 12. Bxf6 Qxf6 13. Nd5 Qd8 14. Qc2 Be6 15. e3 1/2-1/2

[Event "18th Cvijet Mediterana 2018"]
[Site "Rijeka"]
[Date "2018.03.01"]
[Round "7"]
[White "Tsatsalashvili, Keti"]
[Black "Tomilova, Elena"]
[Result "0-1"]
[WhiteElo "2307"]
[BlackElo "2331"]
[Annotator "TA"]
[PlyCount "94"]
[EventDate "2018.??.??"]
[EventCountry "CRO"]
[SourceTitle "playchess.com"]
[Source "ChessBase"]
[SourceQuality "1"]

{[%evp 16,94,0,0,26,33,49,-8,-9,0,0,-2,0,0,-8,-3,-8,-17,-15,-16,-15,-16,-15,-20,-18,-17,-14,-50,-43,-50,-48,-123,-120,-122,-117,-215,-210,-208,-213,-203,-205,-832,-732,-800,-703,-703,-703,-703,-405,-405,-405,-700,-699,-610,-559,-595,-582,-606,-378,-410,-217,-584,-564,-443,-327,-672,-676,-572,-102,-102,-121,-103,-104,-12831,-11035,-29995,-29996,-29996,-29997,-29997,-29998]} 1. d4 d5 2. Nf3 Nf6 3. Bf4 c5 4. e3 Nc6 5. c3 Qb6 6. Qc1 g6 7. h3 Bg7 8. Be2 O-O 9. O-O Nd7 {D02: 1 d4 d5 2 Nf3 sidelines, including 2...Nf6 3 g3 and 2...Nf6 3 Bf4} 10. Rd1 Rd8 11. Nbd2 ({White should try} 11. b4 $14 c4 12. a4) 11... e5 $11 {The position is equal.} 12. dxe5 Ndxe5 13. Nxe5 $146 ({Predecessor:} 13. e4 Be6 14. Ng5 Ne7 15. Nxe6 Qxe6 16. exd5 Nxd5 17. Bg3 {1-0 (45) Mamedjarova,Z (2322)-Isgandarova,K (2193) Plovdiv 2008}) 13... Nxe5 14. Nf3 Nxf3+ 15. Bxf3 Be6 16. Bg5 Rd7 17. Qc2 h6 18. Bf4 Rad8 19. Rac1 c4 20. Rd2 Qc5 21. Rcd1 b5 22. a3 a5 {[%cal Ba7a5,Ba5b4,Bb4c3,Bc3c2][%mdl 32]} 23. e4 (23. Bg4 $15 Bxg4 24. hxg4) 23... d4 $17 24. cxd4 Bxd4 25. Qc1 (25. Bxh6 $17 g5 26. e5 Qxe5 27. Qc1) 25... g5 $1 $19 {[%cal Rg5f4]} 26. Bg3 b4 $1 27. axb4 axb4 28. Bg4 $2 (28. Kh1) 28... Bxg4 29. hxg4 c3 30. bxc3 bxc3 31. Rd3 c2 32. R1d2 Rc8 33. Kh2 (33. Re2 $142 Qb5 34. Rxc2 Bxf2+ 35. Bxf2 Rxc2 36. Qxc2 Qxd3 37. Qxd3 Rxd3 38. g3) 33... Qc4 34. Kh3 f6 35. Kh2 Qa4 36. Kh3 Kf7 37. e5 Qc4 (37... Rd5 $142 38. e6+ Kxe6 39. Qe1+ Re5 $1 {[%mdl 512]}) 38. exf6 $2 (38. e6+ {nothing else works.} Kxe6 39. Qe1+ Kf7 40. Rxc2 Qxc2 41. Qe4) 38... h5 39. gxh5 {intending Kh2.} Rh8 40. Kh2 $2 (40. Qxc2 Qe6+ 41. Kh2 Rxh5+ 42. Bh4 Rxh4+ 43. Rh3 Be5+ 44. Kg1 Rxd2 45. Qxd2 Rxh3 46. gxh3 Qxh3 47. Qd5+ Kxf6 48. Qd8+ Kf7 49. Qd5+ Qe6 50. Qd3) 40... Rxh5+ 41. Kg1 {[#]} Bxf2+ $1 {[%mdl 512]} 42. Bxf2 $17 (42. Rxf2 Rxd3) 42... Rxd3 43. Rxc2 Qg4 $36 {[%mdl 2048] Black has strong initiative.} ({Reject} 43... Qf4 $6 44. Rc7+ Kg6 45. Qc2 $15) 44. Rc7+ $2 {[%mdl 8192] [#]} (44. Be1 $17) 44... Kg6 $1 $19 {( -> ...Rd1+)} 45. f7 Rd1+ {Black mates.} 46. Be1 Qd4+ 47. Kf1 Rh1+ {Precision: White = 34%, Black = 71%.} 0-1

[Event "18th Cvijet Mediterana 2018"]
[Site "Rijeka"]
[Date "2018.03.01"]
[Round "7"]
[White "Prudnykova, Olga"]
[Black "Cvitan, Ena"]
[Result "1-0"]
[WhiteElo "2282"]
[BlackElo "2222"]
[Annotator "TA"]
[PlyCount "55"]
[EventDate "2018.??.??"]
[EventCountry "CRO"]
[SourceTitle "playchess.com"]
[Source "ChessBase"]
[SourceQuality "1"]

{[%evp 12,55,5,0,0,0,0,0,0,0,2,-40,-41,-50,-39,-58,-25,-21,0,0,7,14,438,442,432,406,370,124,160,86,462,480,522,298,295,256,783,785,1835,1752,29972,29973,29966,29967,29995,29996]} 1. e4 c6 2. c4 d5 3. exd5 cxd5 4. cxd5 Nf6 5. Nc3 Nxd5 6. Nf3 Nc6 7. d4 Be6 {B13: Caro-Kann: Exchange Variation and Panov-Botvinnik Attack} 8. Ng5 (8. Bb5 Qa5 9. Qa4 Qxa4 10. Bxa4 Nb6 11. Bb5 O-O-O 12. Be3 g6 13. Bxc6 bxc6 14. Ng5 Bc4 15. b3 {½-½ (34) Korneev,O (2591)-Riazantsev,A (2684) Taganrog 2015}) 8... Qb6 9. Nxe6 fxe6 {The position is equal.} 10. Nxd5 exd5 11. Bd3 $146 {With the idea Qh5+.} ({Predecessor:} 11. Qh5+ g6 12. Qxd5 Qb4+ 13. Bd2 Qxb2 14. Rd1 Qxd4 15. Qxd4 Nxd4 {0-1 (31) Beekhuis,M-Van Dongen,C (2116) Nijmegen 2001}) 11... g6 $1 12. O-O Bg7 13. Qf3 Qxd4 14. Bg5 Rf8 15. Qh3 Kf7 16. Rad1 $36 {[%mdl 2048] White is pushing.} Qxb2 $2 {[%mdl 8192]} (16... Qe5 $11 17. f4 Qd6) 17. Qxh7 $18 Ne5 18. Bh6 $1 Rg8 19. Bb1 $2 (19. Rfe1 $18) 19... Rad8 $16 20. h3 (20. Rde1 $142 $1) 20... Qb6 $2 {[%mdl 8192] [#]} (20... Kf8 $16) 21. Rde1 $1 $18 {[%cal Re1e5]} Qd4 {If Black can now play ...Rd6 this consolidates a bit.} 22. Be3 Qc3 {...Rh8 is the strong threat.} 23. f4 {[%cal Bf2f4,Bf4f5][%mdl 32]} ({Don't go for} 23. Bxa7 $2 Rh8 $19) 23... Nd3 $2 {[#]} (23... Nf3+ 24. gxf3 Rd6) 24. Bxd3 $1 {Threatens to win with f5.} Qxd3 25. f5 g5 26. Qh5+ {White mates.} Kf8 27. f6 Bxf6 {[#]} 28. Rxf6+ $1 {[%mdl 512] Precision: White = 64%, Black = 32%.} 1-0